| 000 | 00362nam a2200121Ia 4500 | ||
|---|---|---|---|
| 008 | 230907s9999||||xx |||||||||||||| ||und|| | ||
| 082 |
_a531.11 _bLOW |
||
| 100 |
_aLowenstein, John H., _9115646 |
||
| 245 | 0 | _aEssentials of hamiltonian dynamics / | |
| 260 |
_aCambridge University Press, _bCambridge ; | New York : _c2012 |
||
| 300 | _axiii, 188 p. : | ||
| 942 | _cBK | ||
| 999 |
_c599042 _d599042 |
||